Central Library OPAC University of Rajshahi

Partnership and profit in medieval Islam / (Record no. 32368)

MARC details
000 -LEADER
fixed length control field 00865cam a2200289 4500
001 - CONTROL NUMBER
control field 32368
003 - CONTROL NUMBER IDENTIFIER
rucl marc code BD-RjUL
005 - DATE AND TIME OF LATEST TRANSACTION
control field 20211209051826.0
008 - FIXED-LENGTH DATA ELEMENTS--GENERAL INFORMATION
fixed length control field 140426s1970 nju b 001 0 eng d
020 ## - INTERNATIONAL STANDARD BOOK NUMBER
International Standard Book Number 0691030847
035 ## - SYSTEM CONTROL NUMBER
System control number (BD-RjUL) 32457
040 ## - CATALOGING SOURCE
Original cataloging agency DLC
Transcribing agency DLC
Modifying agency DLC
-- BD-RjUL
Language of cataloging eng
041 ## - LANGUAGE CODE
Language code of text/sound track or separate title eng
082 00 - DEWEY DECIMAL CLASSIFICATION NUMBER
Classification number 658.1142091767
Author mark and year UDP 1970
100 1# - MAIN ENTRY--PERSONAL NAME
Personal name Udovitch, Abraham L.
9 (RLIN) 98474
245 10 - TITLE STATEMENT
Title Partnership and profit in medieval Islam /
Statement of responsibility, etc. Abraham L. Udovitch.
260 ## - PUBLICATION, DISTRIBUTION, ETC. (IMPRINT)
Place of publication, distribution, etc. Princeton, N.J. :
Name of publisher, distributor, etc. Princeton University Press,
Date of publication, distribution, etc. 1970.
300 ## - PHYSICAL DESCRIPTION
Pagination xii, 282 p. ;
Size 23 cm.
350 ## - PRICE (NR) (BK AM CF MU VM SE) [OBSOLETE]
Price 10.00
504 ## - BIBLIOGRAPHY, ETC. NOTE
Bibliography, etc Bibliography: p. 263-271. and Index
650 #0 - SUBJECT ADDED ENTRY--TOPICAL TERM
Topical term or geographic name as entry element Partnership (Islamic law)
9 (RLIN) 98476
Topical term or geographic name as entry element Law, Medieval.
9 (RLIN) 11492
942 ## - ADDED ENTRY ELEMENTS (KOHA)
Source of classification or shelving scheme Dewey Decimal Classification
Koha item type Books
Holdings
Lost status Source of classification or shelving scheme Damaged status Not for loan Collection code Permanent Location Current Location Shelving location Date acquired Source of acquisition Cost, normal purchase price Total Checkouts Full call number Date last seen Copy number Koha item type
  Dewey Decimal Classification   Not For Loan Non-fiction Central Library, University of Rajshahi Central Library, University of Rajshahi Reading Room 10/06/1975 Jonhanathan wren & co. 6.00   658.1142091767 UDP 1970 26/04/2014 C-1 Books